Normal view
MARC view
Entry Personal Name
001 - CONTROL NUMBER
- control field: 1049
003 - CONTROL NUMBER IDENTIFIER
- control field: PK-NaQUE
005 - DATE AND TIME OF LATEST TRANSACTION
- control field: 20260629142652.0
008 - FIXED-LENGTH DATA ELEMENTS
- fixed length control field: 260629|| aca||aabn | a|a d
040 ## - CATALOGING SOURCE
- Original cataloging agency: PK-NaQUE
- Transcribing agency: PK-NaQUE
100 ## - HEADING--PERSONAL NAME
- Personal name: Abdul Samad Abbas
- Personal name: 21-MSCS-01
- Personal name: Supervisor - Prof.Dr. Mukhtiar Ahmed Memon
670 ## - SOURCE DATA FOUND
- Source citation: Work cat.: (PK-NaQUE)69102: Abdul Samad Abbas 21-MSCS-01 Supervisor - Prof.Dr. Mukhtiar Ahmed Memon, QOS Energy Optimization Routing Algorithm for Wireless Body Area Network (Thesis MS), 2024